• 首页
  • 本馆介绍
  • 公告通知
  • 最新文献
  • 馆藏检索
  • 电子资源
  • 读者导购
  • 参考咨询
  • 我的图书馆
  • 登录
  • 详细信息显示
  • 放入我的书架
  • 预约/预借图书
  • 作者相关作品
  • 分类相关作品
  • 丛书相关作品
  • 出版社相关作品

书目信息

  • 表格格式
  • 工作单格式
  • 卡片格式
题名:
“走进西部”医师培训系列教材
    
 
作者: 何晓东 , 李玉民 , 王志平 主编
分册:   外科学、妇产科学分册
出版信息: 北京   人民卫生出版社  2012
页数: 10,677页
开本: 26cm
丛书名:
单 册:
中图分类: R
科图分类:
主题词: 医师--职业培训--教材 , 外科学--职业培训--教材 , 妇产科学--职业培训--教材 , 医师 , 外科学 , 妇产科学
电子资源:
ISBN: 978-7-117-15356-0
000 01145nam0 2200301 450
001 2364155711
005 20231128192058.49
010    @a978-7-117-15356-0@dCNY75.00
100    @a20130208d2012 em y0chiy50 ea
101 0  @achi
102    @aCN@b110000
105    @aa z 000yy
200 1  @a“走进西部”医师培训系列教材@A“ zou jin xi bu ” yi shi pei xun xi lie jiao cai@i外科学、妇产科学分册@f何晓东,李玉民,王志平主编
210    @a北京@c人民卫生出版社@d2012
215    @a10,677页@c图@d26cm
330    @a本书简要介绍病因、发病机理;结合相关疾病的最新诊断和/或治疗指南,重点阐述临床表现、诊断、鉴别诊断、常用的检查技术和治疗方法。共十二篇,主要内容有:基本外科、普通外科、泌尿外科、心胸外科、骨科、妇产科、口腔科等。
606 0  @a医师@x职业培训@j教材
606 0  @a外科学@x职业培训@j教材
606 0  @a妇产科学@x职业培训@j教材
606 0  @a医师
606 0  @a外科学
606 0  @a妇产科学
690    @aR@v5
701  0 @a何晓东@Ahe xiao dong@f(1958-)@4主编
701  0 @a李玉民@Ali yu min@f(1962-)@4主编
701  0 @a王志平@Awang zhi ping@c(泌尿外科,@f1960-)@4主编
801  0 @aCN@b山东中教@c20231126
905    @aBZT@dR@e24
    
    “走进西部”医师培训系列教材.外科学、妇产科学分册/何晓东,李玉民,王志平主编.-北京:人民卫生出版社,2012
    10,677页:图;26cm
    
    
    ISBN 978-7-117-15356-0:CNY75.00
    本书简要介绍病因、发病机理;结合相关疾病的最新诊断和/或治疗指南,重点阐述临床表现、诊断、鉴别诊断、常用的检查技术和治疗方法。共十二篇,主要内容有:基本外科、普通外科、泌尿外科、心胸外科、骨科、妇产科、口腔科等。
●
相关链接 在五车中查询图书 在当当中查询图书 在豆瓣中查询图书


正题名:"走进西部"医师培训系列教材     索取号:R/24         预约/预借

序号 登录号 条形码 馆藏地/架位号 状态 备注
1 2001223138   2001223138   中教(第二批第二书库)/山东中教(第二批)/1018/ [索取号:R/24] 在馆    
2 2001223139   2001223139   中教(第二批第二书库)/山东中教(第二批)/1018/ [索取号:R/24] 在馆    
3 2001223140   2001223140   中教(第二批第二书库)/山东中教(第二批)/1018/ [索取号:R/24] 在馆    
4 2001223141   2001223141   中教(第二批第二书库)/山东中教(第二批)/1018/ [索取号:R/24] 在馆    
5 2001223142   2001223142   中教(第二批第二书库)/山东中教(第二批)/1018/ [索取号:R/24] 在馆    
6 2001223143   2001223143   中教(第二批第二书库)/山东中教(第二批)/1018/ [索取号:R/24] 在馆    
7 2001223144   2001223144   中教(第二批第二书库)/山东中教(第二批)/1018/ [索取号:R/24] 在馆    
8 2001223145   2001223145   中教(第二批第二书库)/山东中教(第二批)/1018/ [索取号:R/24] 在馆    
9 2001223146   2001223146   中教(第二批第二书库)/山东中教(第二批)/1018/ [索取号:R/24] 在馆    
10 2001223147   2001223147   中教(第二批第二书库)/山东中教(第二批)/1018/ [索取号:R/24] 在馆    
11 2001223148   2001223148   中教(第二批第二书库)/山东中教(第二批)/1018/ [索取号:R/24] 在馆    
12 2001223149   2001223149   中教(第二批第二书库)/山东中教(第二批)/1018/ [索取号:R/24] 在馆    
13 2001223150   2001223150   中教(第二批第二书库)/山东中教(第二批)/1018/ [索取号:R/24] 在馆    
14 2001223151   2001223151   中教(第二批第二书库)/山东中教(第二批)/1018/ [索取号:R/24] 在馆    
15 2001225555   2001225555   中教(第二批第二书库)/山东中教(第二批)/1082/ [索取号:R/24] 在馆    
16 2001225556   2001225556   中教(第二批第二书库)/山东中教(第二批)/1082/ [索取号:R/24] 在馆    
17 2001225557   2001225557   中教(第二批第二书库)/山东中教(第二批)/1082/ [索取号:R/24] 在馆    
18 2001225558   2001225558   中教(第二批第二书库)/山东中教(第二批)/1082/ [索取号:R/24] 在馆    
19 2001225559   2001225559   中教(第二批第二书库)/山东中教(第二批)/1082/ [索取号:R/24] 在馆    
20 2001225560   2001225560   中教(第二批第二书库)/山东中教(第二批)/1082/ [索取号:R/24] 在馆    
21 2001225561   2001225561   中教(第二批第二书库)/山东中教(第二批)/1082/ [索取号:R/24] 在馆    
22 2001225562   2001225562   中教(第二批第二书库)/山东中教(第二批)/1082/ [索取号:R/24] 在馆    
23 2001225563   2001225563   中教(第二批第二书库)/山东中教(第二批)/1082/ [索取号:R/24] 在馆    
24 2001225564   2001225564   中教(第二批第二书库)/山东中教(第二批)/1082/ [索取号:R/24] 在馆    
25 2001225565   2001225565   中教(第二批第二书库)/山东中教(第二批)/1082/ [索取号:R/24] 在馆    
26 2001225566   2001225566   中教(第二批第二书库)/山东中教(第二批)/1082/ [索取号:R/24] 在馆    
27 2001225567   2001225567   中教(第二批第二书库)/山东中教(第二批)/1082/ [索取号:R/24] 在馆    
28 2001225568   2001225568   中教(第二批第二书库)/山东中教(第二批)/1082/ [索取号:R/24] 在馆    
29 2001225569   2001225569   中教(第二批第二书库)/山东中教(第二批)/1082/ [索取号:R/24] 在馆    
30 2001225570   2001225570   中教(第二批第二书库)/山东中教(第二批)/1082/ [索取号:R/24] 在馆    
山东省滨州职业学院图书馆 欢迎您!
大连网信软件有限公司© 版权所有